000
00512nam a2200169Ia 4500
008
090711s9999 xx 000 0 und d
082
_b
37818
100
_a
सोलापुरकर सुमा
245
_a
काळाSया ओघात
260
_c
1978
300
_a
150
600
_a
सोलापुरकर सुमा
630
_a
काळाSया ओघात
700
_a
सोलापुरकर सुमा
730
_a
काळाSया ओघात
942
_c
BOOK
999
_c
288004
_d
288004